Investigación de mercados cualitativa: una nueva mirada, basada en los modelos ZMET y MEC -Means End-Chains-
Gardado en:
| Autor Principal: | |
|---|---|
| Formato: | Libro |
| Idioma: | Lingua castelá |
| Publicado: |
Valparaíso, Chile:
Ediciones Universitarias de Valparaíso,
2017
|
| Edición: | 1a. ed. |
| Subjects: | |
| Acceso en liña: | Disponible Online - Cap. 1-2 |
| Tags: |
Engadir etiqueta
Sen Etiquetas, Sexa o primeiro en etiquetar este rexistro!
|
MARC
| LEADER | 00000cam a2200000 a 4500 | ||
|---|---|---|---|
| 001 | UCC4076 | ||
| 003 | CL-VaPUC | ||
| 005 | 20240513123538.0 | ||
| 008 | 180706e20170000cl |||||||||||||||||spa|d | ||
| 999 | |c 371679 |d 371677 | ||
| 020 | |a 9789561707320 | ||
| 040 | |c Pontificia Universidad Católica de Valparaíso | ||
| 082 | 0 | 4 | |a 658.83 AQU 2017 |2 21 |
| 100 | 0 | |a Aqueveque Ureta, Carlos |e author |9 598218 | |
| 245 | 1 | 0 | |a Investigación de mercados cualitativa: una nueva mirada, basada en los modelos ZMET y MEC -Means End-Chains- |
| 250 | |a 1a. ed. | ||
| 260 | |a Valparaíso, Chile: |b Ediciones Universitarias de Valparaíso, |c 2017 | ||
| 300 | |a 311 páginas | ||
| 583 | |a last modification |c 20180706 14:40:00 |k Rodrigo Vera | ||
| 650 | 0 | |a Marketing |9 259324 | |
| 650 | 0 | |a Investigación de mercado |9 332310 | |
| 650 | 0 | |a Investigación cualitativa |9 389535 | |
| 856 | |u https://bibliografiadigital.pucv.cl/index.php/bibliotecapucv/catalog/book/910 |y Disponible Online - Cap. 1-2 | ||
| 942 | |c BK |2 ddc | ||
| 945 | |d 20180706 14:40:00 |a dcastane | ||
| 952 | |0 0 |1 0 |3 erb |4 0 |6 658_830000000000000_AQU_2017 |7 0 |8 A |9 488762 |a BIBGIM |b BIBGIM |i 5479487 |l 5 |m 1 |o 658.83 AQU 2017 |p 5479487 |r 2025-01-15 |s 2024-08-29 |w 2019-11-24 |y BK |z Catalogado en:20180706 |k COM | ||
| 952 | |0 0 |1 0 |3 erb |4 0 |6 658_830000000000000_AQU_2017 |7 0 |8 A |9 488763 |a BIBGIM |b BIBGIM |i 5479479 |o 658.83 AQU 2017 |p 5479479 |r 2025-01-15 |w 2019-11-24 |y BK |z Catalogado en:20180706 |k COM | ||
| 952 | |0 0 |1 0 |3 erb |4 0 |6 658_830000000000000_AQU_2017 |7 0 |8 A |9 488764 |a BIBGIM |b BIBGIM |i 5479460 |o 658.83 AQU 2017 |p 5479460 |r 2025-01-15 |w 2019-11-24 |y BK |z Catalogado en:20180706 |k COM | ||
| 952 | |0 0 |1 0 |3 erb |4 0 |6 658_830000000000000_AQU_2017 |7 0 |8 A |9 488765 |a BIBGIM |b BIBGIM |i 5479452 |l 1 |m 1 |o 658.83 AQU 2017 |p 5479452 |r 2025-01-15 |s 2024-09-27 |w 2019-11-24 |y BK |z Catalogado en:20180706 |k COM | ||
| 952 | |0 0 |1 0 |2 ddc |3 erb |4 0 |6 658_830000000000000_AQU_2017 |7 0 |8 A |9 488766 |a BIBENE |b BIBENE |c RES |i 5479444 |l 33 |m 5 |o 658.83 AQU 2017 |p 5479444 |r 2025-05-05 |s 2025-04-28 |w 2019-11-24 |y BK_R |z Catalogado en:20180706 |k ICO | ||
| 952 | |0 0 |1 0 |2 ddc |3 erb |4 0 |6 658_830000000000000_AQU_2017 |7 0 |8 A |9 488767 |a BIBENE |b BIBENE |c RES |i 5479436 |l 34 |m 4 |o 658.83 AQU 2017 |p 5479436 |q 2025-05-16 |r 2025-05-09 |s 2025-05-09 |w 2019-11-24 |y BK_R |z Catalogado en:20180706 |k ICO | ||
| 952 | |0 0 |1 0 |2 ddc |3 erb |4 0 |6 658_830000000000000_AQU_2017 |7 0 |8 A |9 488768 |a BIBENE |b BIBENE |c RES |i 5479428 |l 41 |m 8 |o 658.83 AQU 2017 |p 5479428 |r 2025-05-07 |s 2025-05-07 |w 2019-11-24 |y BK_R |z Catalogado en:20180706 |k ICO | ||
| 952 | |0 0 |1 0 |3 erb |4 0 |6 658_830000000000000_AQU_2017 |7 0 |8 A |9 488769 |a BIBALI |b BIBALI |i 5479614 |o 658.83 AQU 2017 |p 5479614 |r 2025-01-20 |w 2019-11-24 |y BK |z Catalogado en:20180706 |k ALI | ||
| 952 | |0 0 |1 0 |3 erb |4 0 |6 658_830000000000000_AQU_2017 |7 0 |8 A |9 488770 |a BIBDER |b BIBDER |i 5479606 |l 2 |o 658.83 AQU 2017 |p 5479606 |r 2023-01-25 |s 2020-05-05 |w 2019-11-24 |y BK |z Catalogado en:20180706 |k DER | ||
| 952 | |0 0 |1 0 |3 erb |4 0 |6 658_830000000000000_AQU_2017 |7 0 |8 A |9 488771 |a BIBMEC |b BIBMEC |i 5479592 |o 658.83 AQU 2017 |p 5479592 |r 2024-01-19 |w 2019-11-24 |y BK |z Catalogado en:20180706 |k MEC | ||
| 952 | |0 0 |1 0 |3 erb |4 0 |6 658_830000000000000_AQU_2017 |7 0 |8 A |9 488772 |a BIBAGR |b BIBAGR |i 5479584 |o 658.83 AQU 2017 |p 5479584 |r 2025-01-20 |w 2019-11-24 |y BK |z Catalogado en:20180706 |k AGR | ||
| 952 | |0 0 |1 0 |3 erb |4 0 |6 658_830000000000000_AQU_2017 |7 0 |8 A |9 488773 |a BIBRNT |b BIBRNT |i 5479576 |o 658.83 AQU 2017 |p 5479576 |r 2025-04-22 |w 2019-11-24 |y BK |z Catalogado en:20180706 |k CUR | ||
| 952 | |0 0 |1 0 |3 erb |4 0 |6 658_830000000000000_AQU_2017 |7 0 |8 A |9 488774 |a BIBRNT |b BIBRNT |i 5479568 |o 658.83 AQU 2017 |p 5479568 |r 2025-04-22 |w 2019-11-24 |y BK |z Catalogado en:20180706 |k CUR | ||
| 952 | |0 0 |1 0 |3 erb |4 0 |6 658_830000000000000_AQU_2017 |7 0 |8 A |9 488775 |a BIBEDU |b BIBEDU |i 547955K |o 658.83 AQU 2017 |p 547955K |r 2019-11-24 |w 2019-11-24 |y BK |z Catalogado en:20180706 |k EDU | ||
| 952 | |0 0 |1 0 |3 erb |4 0 |6 658_830000000000000_AQU_2017 |7 0 |8 A |9 488776 |a BIBEDU |b BIBEDU |i 5479541 |o 658.83 AQU 2017 |p 5479541 |r 2019-11-24 |w 2019-11-24 |y BK |z Catalogado en:20180706 |k EDU | ||
| 952 | |0 0 |1 0 |3 erb |4 0 |6 658_830000000000000_AQU_2017 |7 0 |8 A |9 488777 |a BIBING |b BIBING |i 5479533 |o 658.83 AQU 2017 |p 5479533 |r 2025-01-20 |w 2019-11-24 |y BK |z Catalogado en:20180706 |k ING | ||
| 952 | |0 0 |1 0 |3 erb |4 0 |6 658_830000000000000_AQU_2017 |7 0 |8 A |9 488778 |a BIBING |b BIBING |i 5479525 |o 658.83 AQU 2017 |p 5479525 |r 2025-01-20 |w 2019-11-24 |y BK |z Catalogado en:20180706 |k ING | ||
| 952 | |0 0 |1 0 |3 erb |4 0 |6 658_830000000000000_AQU_2017 |7 0 |8 A |9 488779 |a BIBING |b BIBING |i 5479517 |o 658.83 AQU 2017 |p 5479517 |r 2025-01-20 |w 2019-11-24 |y BK |z Catalogado en:20180706 |k ING | ||
| 952 | |0 0 |1 0 |3 erb |4 0 |6 658_830000000000000_AQU_2017 |7 0 |8 A |9 488780 |a BIBING |b BIBING |i 5479509 |o 658.83 AQU 2017 |p 5479509 |r 2025-01-20 |w 2019-11-24 |y BK |z Catalogado en:20180706 |k ING | ||
| 952 | |0 0 |1 0 |3 erb |4 0 |6 658_830000000000000_AQU_2017 |7 0 |8 A |9 488781 |a BIBING |b BIBING |i 5479495 |o 658.83 AQU 2017 |p 5479495 |r 2025-01-20 |w 2019-11-24 |y BK |z Catalogado en:20180706 |k ING | ||